000 01041cab a22002175 4500
001 L141295
008 071114e20071012xxkd f 000 0 eng u
035 _a(Sirsi) u141295
041 0 _aeng
100 1 _aPuckett, Katie
245 0 0 _aExpansion
_btop 250 consultants
260 _c2007
490 0 _aBuilding
_v272(8501) 12 October 2007, 41-78(25)
520 _aAtkins topped the 2007 consultants' league table of the 250 biggest UK practices, with 6 340 UK chartered staff. Mott MacDonald were runners up, with Mouchel Parkman in third place. Atkins also headed the top 100 surveyors table, with EC Harris in second place and King Sturge in third. Also provides separate tables for the top 100 architects, top 100 engineers, top 50 project managers, top 100 fee earners, top 100 financial performers, and the 50 fastest growing companies in the UK.
651 4 _aUnited Kingdom
_y
690 _aBUILT ENVIRONMENT-CONSTRUCTION MARKET
700 1 _aSpring, Martin
700 1 _aBoyd, Olivia
700 1 _aHewes, Martin
942 _n0
999 _c79442
_d79442